000 00513nam a2200181Ia 4500
001 24677
005 20260414151059.0
008 260414t2011||||xx |||||||||||||| ||spa||
041 _aESP
082 _a345.721
_bN89
100 _aAbascal, José María
_eAUT
245 0 _aNuevo reglamento del arbitraje de la CNUDMI 2010 :
_banotado y comentado por materias y antecedentes legislativos
260 _c2011
300 _a510 páginas :
_c24 cm.
650 _aDER
654 _aCDE
942 _cLIB
_dJUS
_fJUS
_2ddc
_n
999 _c24677
_d24677